| 000 | 00000nam 2200000za 4500 |
| 001 | 9.846625 |
| 003 | CaOODSP |
| 005 | 20221107153240 |
| 007 | cr ||||||||||| |
| 008 | 171106s2017 oncd #ob f000 0 eng d |
| 040 | |aCaOODSP|beng |
| 043 | |an-cn--- |
| 086 | 1 |aM113-1/1-2017E-PDF|zM113-1/112E-PDF |
| 086 | 1 |aM45-112/2017E-PDF |
| 245 | 00|aFederal floodplain mapping framework |h[electronic resource] / |cNatural Resources Canada ; Public Safety Canada. |
| 250 | |aVersion 1.0. |
| 260 | |a[Ottawa] : |bNatural Resources Canada, |c2017. |
| 300 | |a18 p. : |bcharts |
| 490 | 1 |aFederal floodplain mapping guidelines series ; |v[1] |
| 490 | 0 |aEarth Sciences sector, general information product ; |v112e |
| 500 | |aTitle from cover. |
| 500 | |aIssued also in French under title: Cadre fédéral de la cartographie des plaines inondables. |
| 504 | |aIncludes bibliographical references. |
| 520 | |a"The purpose of this document is to introduce the Federal Floodplain Mapping Guidelines Series documents and to provide a framework for how each fits into the overall floodplain mapping life cycle. Specifically, this document will provide a brief history of past and present floodplain mapping efforts in Canada, a brief summary of floodplain mapping roles and responsibilities and an overview of the contents of the suite of documents that make up the Federal Floodplain Mapping Guidelines Series."--Context and Purpose, p. 3. |
| 692 | 07|2gccst|aFloods |
| 692 | 07|2gccst|aPlanning |
| 692 | 07|2gccst|aCartography |
| 710 | 1 |aCanada. |bNatural Resources Canada. |
| 710 | 1 |aCanada. |bPublic Safety Canada. |
| 775 | 08|tCadre fédéral de la cartographie des plaines inondables |w(CaOODSP)9.846627 |
| 794 | |tFederal flood mapping framework / |w(CaOODSP)9.871554 |
| 830 | #0|aFederal floodplain mapping guidelines series ;|v1|w(CaOODSP)9.845599 |
| 856 | 40|qPDF|s728 KB|uhttps://publications.gc.ca/collections/collection_2017/rncan-nrcan/M113-1-112-eng.pdf |
| 986 | |aGeneral information product 112e. |